| 000 | 00584nam a2200181Ia 4500 | ||
|---|---|---|---|
| 008 | 191130s1990##################000#0#eng## | ||
| 020 | _a9780060935115 | ||
| 040 |
_aACL _cACL |
||
| 082 | _a641.5945 LA | ||
| 100 | _aLa Place, Viana | ||
| 245 |
_aCucina Rustica: simple, irresistible recipes in the Rustic Italian style _cViana La Place and Evan Kleiman ; illustrations by Ann Field |
||
| 260 |
_aNew York _bW. Morrow _c1990 |
||
| 300 | _a385 p. : ill. ; 21 cm | ||
| 650 | _aCooking, Italian | ||
| 990 | _a72d1ca0aac10000c68aa1227c96fc1bb | ||
| 991 | _a314010 | ||
| 999 |
_c142695 _d142695 |
||